It looks like you're offline.
Open Library logo
additional options menu

MARC record from Internet Archive

LEADER: 02562cam 2200565 i 4500
001 ocm01976652
003 OCoLC
005 20181212015429.0
008 751217s1976 nyua b 001 0 eng
010 $a 75021242
040 $aDLC$beng$cDLC$dNLGGC$dLVB$dWY@$dHNW$dBOS$dYDXCP$dGEBAY$dOCLCO$dOCLCF$dOCLCQ$dOCLCO$dMNLUT$dSNN
019 $a1021306581
020 $a0385110073
020 $a9780385110075
035 $a(OCoLC)1976652$z(OCoLC)1021306581
050 00 $aBX8762$b.Q4 1976
050 14 $aBR1644$b.Q43 1976
082 $a270.8/2
084 $a11.55$2bcl
100 1 $aQuebedeaux, Richard.
245 14 $aThe new charismatics :$bthe origins, development, and significance of neo-pentecostalism /$cRichard Quebedeaux.
250 $a1st ed.
260 $aGarden City, N.Y. :$bDoubleday,$c1976.
300 $axii, 252 pages ;$c22 cm
336 $atext$btxt$2rdacontent
337 $aunmediated$bn$2rdamedia
338 $avolume$bnc$2rdacarrier
500 $aA Revision of the author's thesis, Oxford University, 1975.
504 $aIncludes bibliographical references (pages 233-242) and index.
505 0 $aIntroduction : the nature of charismatic renewal -- The background -- Beginnings in America -- The path to renewal -- The leadership of charismatic renewal -- Faith and practice -- Classical Pentecostalism and charismatic renewal in contrast -- From opposition to acceptance -- The reasons for success -- Postscript : "beyond fadism" -- Appendix : scholarly investigations.
583 1 $acommitted to retain$c20160630$d20310630$fEAST$uhttp://eastlibraries.org/retained-materials$zSmith copy: EAST commitment$5MNS
650 0 $aPentecostalism$xHistory.
650 6 $aMouvement charismatique$xHistoire.
650 7 $aPentecostalism.$2fast$0(OCoLC)fst01057199
650 17 $aPinksterbeweging.$2gtt
650 17 $aCharismatische bewegingen.$2gtt
650 07 $aPfingstbewegung.$2swd
650 07 $aCharismatische Bewegung.$2swd
655 7 $aHistory.$2fast$0(OCoLC)fst01411628
776 08 $iOnline version:$aQuebedeaux, Richard.$tNew charismatics.$b1st ed.$dGarden City, N.Y. : Doubleday, 1976$w(OCoLC)647489097
856 4 $3Cover image$uhttps://covers.openlibrary.org/b/id/4484075-M.jpg$xOpen Library 20140424
938 $aYBP Library Services$bYANK$n3333296
029 1 $aAU@$b000000740912
029 1 $aAU@$b000027520257
029 1 $aGEBAY$b11145785
029 1 $aNZ1$b2653334
029 1 $aUNITY$b084364319
029 1 $aNZ1$b30684
994 $aZ0$bP4A
948 $hNO HOLDINGS IN P4A - 946 OTHER HOLDINGS